000 00753nam a2200217Ia 4500
003 IN-BaIIA
008 211028s9999 xx 000 0 eng d
020 _a1-4020-3406-7
040 _cIIA Library
080 _a52(082.1)
_bASS-327
245 4 _aThe initial mass function 50 years later
_cedited by Edvige Corbelli, Francesco Palla and Hans Zinnecker
260 _aDordrecht
_bSpringer
_c2005
300 _axx, 543p.
490 _aAstrophysics and space science library; v. 327
650 _aInitial mass function
_922921
650 _aStar clusters
_96686
700 _aCorbelli, Edvige, ed.
_929997
700 _aPalla, Francesco, ed.
_929998
700 _aZinnecker, Hans, ed.
_929999
942 _cBK
999 _c16216
_d16216